000 00966nam a2200229 a 4500
001 40980
003 BD-RjUL
005 20211209053316.0
008 160514t20051992ii ||||| |||| 00| 0 ben d
020 _c: PRs. 100.00
035 _a(BD-RjUL) 41096
040 _aBD-RjUL
_bben
_cBD-RjUL
041 _aben
082 _223
_a891.4409
_bMUN 2005
100 _aমুখোপাধ্যায়, ধ্রুবকুমার
_9118824
245 1 0 _aনজরুল ইসলাম :
_bকবিমানস ও কবিতা /
_cধ্রুবকুমার মুখোপাধ্যায়
260 _aকলকাতা :
_bরত্নাবলী,
_c১৯৯২ [মুদ্রণ ২০০৫]
300 _a৩৭৯ পৃ. ;
_c২১ সেমি.
650 _aবাংলা সাহিত্য
_xইতিহাস ও সমালোচনা
_9118060
650 _aBengla Literature
_xHistory and Criticism
_9121201
942 _2ddc
_cBK
999 _c40980
_d40980